| 000 | 00360cam a2200145ua 4500 | ||
|---|---|---|---|
| 041 |
_aeng _h |
||
| 082 |
_a823.308 _bDUM/CO |
||
| 100 | _aDumes, Alexander . | ||
| 245 |
_aCourt of mente cristo / _cDumes. _hTextual Documents |
||
| 260 |
_a`London : _bJ M Dent and Sons Ltd , _c1960. |
||
| 300 | _a560 ; . | ||
| 504 | _a | ||
| 942 | _cBK | ||
| 999 |
_c12476 _d12476 |
||